000
00297nam a22001337a 4500
008
180221b xxu||||| |||| 00| 0 eng d
020
_a
9780130974259
041
_a
eng
080
_a
37
100
_a
47
101
_a
EDU
245
_a
Action research in education
_c
Stringer,E
942
_2
udc
_c
BK
999
_c
43064
_d
43064